000 01164nam0a22002771 4500
001 rc\110125
005 20021216133900.0
010 _a5-230-14783-0
_9100
035 _a(NLR Aleph) 005370786
090 _a6997900
_c6997900
100 _a20021216d1994 u |0rusy50 ca
101 0 _arus
102 _aRU
105 _ay |||||||||
200 1 _aОценка и прогнозирование показателей надежности спецодежды
_eУчеб. пособие
_fЛ.П. Васеха, Е.Я. Сурженко, В.В. Гарбарук
_gГос. ком. Рос. Федерации по высш. образованию. С.-Петерб. гос. ун-т технологии и дизайна
210 _aСПб.
_cСПГУТД
_d1994
215 _a41 с.
_d20
320 _aБиблиогр.: с. 25
700 1 _aВасека
_bЛ. П.
_gЛариса Павловна
701 1 _aСурженко
_bЕ. Я.
_gЕвгений Яковлевич
701 1 _aГарбарук
_bВ. В.
_gВиктор Владимирович
801 0 _aRU
_bNLR
_gpsbo
801 1 _aRU
_bELAR
_2rusmarc
852 _aNLR
_j94-4/3584
942 _cBOOK
980 _aNB